00445nam a2200169Ia 450000500170000000800410001702000180005804100080007608200180008410000110010224500710011326000410018430000090022550000150023465000150024970000110026420230202155500.0230125s9999 xx 000 0 und d a9788184955767 aeng a658.4092bBAX aBaxi M aNew Age LeadershipbAn Open Minded approach for the new generation c2014bJaico Publishing HouseaMumbai a197p aLeadership aLeadership aBaxi M